<?xml version="1.0" encoding="UTF-8"?>
<marc:record xmlns:marc="http://www.loc.gov/MARC21/slim">
   <marc:leader>00000nam a2200000 a 4500</marc:leader>
   <marc:datafield ind1="1" ind2=" " tag="100">
      <marc:subfield code="a">Urban, Karl</marc:subfield>
      <marc:subfield code="4">aut</marc:subfield>
      <marc:subfield code="e">Verfasser/-in</marc:subfield>
   </marc:datafield>
   <marc:datafield ind1=" " ind2=" " tag="653">
      <marc:subfield code="a">Antolin</marc:subfield>
   </marc:datafield>
   <marc:datafield ind1=" " ind2=" " tag="653">
      <marc:subfield code="a">Klasse-5</marc:subfield>
   </marc:datafield>
   <marc:datafield ind1=" " ind2=" " tag="653">
      <marc:subfield code="a">Entstehung</marc:subfield>
   </marc:datafield>
   <marc:datafield ind1=" " ind2=" " tag="653">
      <marc:subfield code="a">Planet Erde</marc:subfield>
   </marc:datafield>
   <marc:datafield ind1=" " ind2=" " tag="653">
      <marc:subfield code="a">Mensch und Tier</marc:subfield>
   </marc:datafield>
   <marc:datafield ind1="0" ind2="0" tag="245">
      <marc:subfield code="a">Unsere Erde</marc:subfield>
   </marc:datafield>
   <marc:datafield ind1="0" ind2="0" tag="245">
      <marc:subfield code="b">der blaue Planet</marc:subfield>
   </marc:datafield>
   <marc:datafield ind1=" " ind2="1" tag="264">
      <marc:subfield code="b">Tessloff</marc:subfield>
      <marc:subfield code="c">2013</marc:subfield>
   </marc:datafield>
   <marc:datafield ind1="1" ind2=" " tag="490">
      <marc:subfield code="a">Was ist was?</marc:subfield>
   </marc:datafield>
   <marc:datafield ind1="1" ind2=" " tag="520">
      <marc:subfield code="a">Blau leuchtende Ozeane, tiefgrüne Wälder, fruchtbare Böden - die Erde ist in den unendlichen Weiten des Weltalls eine Oase. Sie ist der einzige uns bekannte Planet, auf dem es Leben gibt. In ihrem Inneren ist sie tausende Grad heiß und unter unseren Füßen wandern die Kontinente auf einer zähflüssigen Schicht. Wie entstand das Leben auf der Erde? Wie haben sich bestimmte Tiere extremen Bedingungen angepasst? Woher kommen die Jahreszeiten oder Tag und Nacht?  Spannung pur verspricht dieser erste Band der legendären Kinder- und Jugendsachbuchreihe WAS IST WAS. ... (Klappentext). - Alter 8 - 10 Jahre</marc:subfield>
   </marc:datafield>
   <marc:datafield ind1=" " ind2=" " tag="020">
      <marc:subfield code="a">9783788620356</marc:subfield>
      <marc:subfield code="9">9783788620356</marc:subfield>
   </marc:datafield>
</marc:record>
